JENNIE (BlackPink) - Chansons de l'album Ruby - Statistiques

Statistiques générales
  • Ce quiz a été pris 37 fois
  • Le résultat moyen est 17 sur 21
Statistiques - réponses
Hint Réponse % Correct
Ruby 2 like JENNIE
100%
Ruby (The Complete Collection) 17 Like Jennie (EDM Remix)
100%
Ruby (The Complete Collection) 16 Like Jennie (Extended Remix)
100%
Ruby 9 ZEN
100%
Ruby 6 ExtraL (feat. Doechii)
93%
Ruby (The Complete Collection) 19 ExtraL (JENNIE Only Audio)
93%
Ruby 7 Mantra
89%
Ruby2 13 Seoul City
89%
Ruby 8 Love Hangover (feat. Dominic Fike)
85%
Ruby (The Complete Collection) 20 Love Hangover (JENNIE Only Audio)
85%
Ruby2 15 twin
81%
Ruby2 12 Filter
78%
Ruby 4 Handlebars (feat. Dua Lipa)
74%
Ruby (The Complete Collection) 18 Handlebars (JENNIE Only Audio)
74%
Ruby 1 Intro: JANE (feat. FKJ)
74%
Ruby 5 with the IE (way up)
70%
Ruby2 14 Starlight
67%
Ruby 10 Damn Right (feat. Childish Gambino & Kali Chis)
63%
Ruby (The Complete Collection) 21 Damn Right (JENNIE Only Audio)
63%
Ruby 3 start a war
63%
Ruby 11 F.T.S.
59%
Aucun quiz correspondant
Distribution des résultats
% des personnes avec chaque résultat
Percentile par nombre de réponses
Votre historique - résultats
Vous n’avez pas pris ce quiz